The land of Sultans : An illustrated history of Malaysia
| Main Author: | |
|---|---|
| Format: | Book |
| Published: |
Amsterdam, Holland :
Pepin Press ,
1995
|
| Subjects: |
MARC
| LEADER | 00000cam a2200000 7i4500 | ||
|---|---|---|---|
| 001 | 0000000477 | ||
| 005 | 20000822.0 | ||
| 020 | 0 | 0 | |a 9054960159 |
| 090 | 0 | 0 | |a 959.5 |b SPR 1995 |
| 100 | 1 | 0 | |a SPRUIT |h Ruud |
| 245 | 1 | 4 | |a The land of Sultans : |b An illustrated history of Malaysia |c Ruud Spruit |
| 260 | 0 | 0 | |a Amsterdam, Holland : |b Pepin Press , |c 1995 |
| 300 | |a 144 p. : |b ill. (some col.) ; |c 24 cm. | ||
| 650 | 0 | 0 | |a Malaysia |x History |
| 999 | |a 0000001614 |b Monograph |c Open Shelf |e Default branch | ||